=LDR 00000nam 2200000 4500 =001 INLIS000000000026711 =005 20130612125134 =008 ***********************************ind** =035 ##$$a0010-061300000026711 =041 ##$$a ind =082 ##$$a 2x9.2 =090 ##$$a 2x9.2, JAF s =100 ##$$a Jafariyah, Rasul =245 ##$$a Sejarah khilafah 11 H -35 H, rasul Jafariyah; penerjemah, Anna Farida =260 ##$$a 2006 $b Jakarta =300 ##$$a vi, 330 hlm., 21 cm =650 ##$$a Sejarah Khulafrrasyidin =700 ##$$a Farida, Anna =850 ##$$a NBPNMAT =990 ##$$a 91765/BPAP-NTB/2014